000 00379nam a2200121Ia 4500
008 240624s9999 xx 000 0 und d
041 _aeng
082 _a300.72 IND
100 _aINDIRA GANDHI NATIONAL OPEN UNIVERSITY
245 _aRESEARCH METHODOLOGY FOR MANAGEMENT DECISIONS D
260 _c2003
_aNew Delhi
_bIndira Gandhi National Open University
300 _a66 : p. : cm. ; 26
999 _c5286
_d5286